| 000 | 00617 a2200181 4500 | ||
|---|---|---|---|
| 003 | Nust | ||
| 005 | 20170207153552.0 | ||
| 040 | _cNust | ||
| 082 | _a005.8 | ||
| 100 | _aKhalid, Asma (MSIS-6) | ||
| 245 |
_aA secure group Re-keying scheme with compromised node revocation in wireless sencor networks _cAsma Khalid, |
||
| 260 |
_bMCS (NUST) _c2011 _aRawalpindi |
||
| 300 | _ax, 45, p; | ||
| 505 | _aIntroduction (page-1) Literature survey (page-4) Proposed technique (page-16) Analysis and implementation (page-24) Conclusion (page-41) | ||
| 538 | _a Almirah No.70 Shelf No.5 | ||
| 650 | _aPG Thesis | ||
| 651 | _aMSIS-6 | ||
| 942 | _cTHS | ||
| 999 |
_c188918 _d188918 |
||